Geography by Pictures (Medium-Hard) - Q - Statistics

General Stats
  • This quiz has been taken 53 times
  • The average score is 4 of 14
Answer Stats
Picture Hint Answer % Correct
State of Australia Queensland
98%
State of Canada Quebec
88%
Province of Iran Qom
68%
City in Pakistan Quetta
54%
Iranian Island Qeshm
22%
Landmark in Italy Quirinal Palace
20%
City in China Quanzhou
12%
Province of China Qinghai
8%
Bay in France Quiberon Bay
8%
City in Iran Qazvin
6%
City in China Qiqihar
6%
Landmark in India Qutub Minar
6%
Lake in the U.S. Quinault Lake
4%
Mountain Range in China Qilian Mountains
2%
No matching quizzes found
Score Distribution
Percent of People with Each Score
Percentile by Number Answered
Your Score History
You have not taken this quiz